00548nam a22001817a 450000500170000001000140001702000260003103500130005703700130007008200110008310000150009424500500010926000440015927000640020330000250026750000500029265000240034220100802140356.0 aENG-97258 a9788190849920c695.00 aEN-80791 bDBAD/PUB a548.32 aMohd Altaf aGlobal trends in E- Commerce /cby Mohd Altaf aNew DelhibEnkay Publishing Housec2011 a209,Hari Sadan 20 Ansari Road Darya GanjbNew Delhie100002 aviii,280pc21cm (Hb) aincludes bibliographical references and index aelectronic commerce